Statistics for NCAA College Teams by State: Nebraska

Click here to take the quiz!

General Stats

  • This quiz has been taken 15 times
  • The average score is 5 of 7

Answer Stats

% Correct
Division I-ANebraskaCornhuskers
100%
Division I-AACreightonBluejays
93%
Division I-AAOmahaMavericks
87%
Division IINebraska-KearneyLopers
60%
Division IIChadron StateEagles
53%
Division IIINebraska WesleyanPrairie Wolves
53%
Division IIWayne StateWildcats
40%

Score Distribution

Percentile by Number Answered

Percent of People with Each Score

Your Score History

You have not taken this quiz